00732nam a22002057a 450000500170000001000150001702000230003203500140005503700130006908200140008210000190009624501150011526000490023027001200027930000300039950000300042970000210045970000280048070000180050820181020102024.0 aENG-124231 a10HE000034c370.00 aEN-107763 bDBAD/PUB a620.00151 aRanganatham S. aEngineering mathematics for GATE /cby S. Ranganatham; T.K.V. Iyengar; D. Mallikarjuna Reddy [and] S. Sreenadh aNew DelhibS.Chand and Company Limitedc2017 a7361, RamnagarbNew Delhie110055k011-23672080-81-82 9899107446, 9911310888l91-11-23677446minfo@schandgroup.com avarious pagingc25cm(pbk) aIt includes question bank a Iyengar, T.K.V. a Reddy, D. Mallikarjuna a Sreenadh, S.